00352pab a2200121 454500008004000000100002100040245009200061260000900153300001300162362000800175650002200183773002500205180718b2007 xxu||||| |||| 00| 0 eng d aSharp, Elaine B. aRevitalizing urban research: can cultural explanation bring Us back from the periphery? c2007 ap.55-75. aSep aUrban development aUrban Affairs Review